| 000 | 01250nam a2200325Ia 4500 | ||
|---|---|---|---|
| 001 | ebr10326120 | ||
| 003 | CaPaEBR | ||
| 006 | m u | ||
| 007 | cr cn||||||||| | ||
| 008 | 950301s1995 maua sb 001 0 eng d | ||
| 010 | _z 95010328 | ||
| 020 | _z9780674005563 | ||
| 020 | _z0674146700 (acid-free paper) | ||
| 040 |
_aCaPaEBR _cCaPaEBR |
||
| 035 | _a(OCoLC)607838529 | ||
| 050 | 1 | 4 |
_aKF380 _b.F56 1995eb |
| 100 | 1 | _aFinkel, Norman J. | |
| 245 | 1 | 0 |
_aCommonsense justice _h[electronic resource] : _bjurors' notions of the law / _cNorman J. Finkel. |
| 260 |
_aCambridge, MA : _bHarvard University Press, _c1995. |
||
| 300 |
_a390 p. : _bill. |
||
| 504 | _aIncludes bibliographical references (p. [339]-381) and index. | ||
| 533 |
_aElectronic reproduction. _bPalo Alto, Calif. : _cebrary, _d2009. _nAvailable via World Wide Web. _nAccess may be limited to ebrary affiliated libraries. |
||
| 650 | 0 |
_aLaw _zUnited States _xPublic opinion. |
|
| 650 | 0 |
_aJury _zUnited States. |
|
| 650 | 0 | _aJustice. | |
| 650 | 0 | _aCommon sense. | |
| 655 | 7 |
_aElectronic books. _2local |
|
| 710 | 2 | _aebrary, Inc. | |
| 856 | 4 | 0 |
_uhttp://site.ebrary.com/lib/rucke/Doc?id=10326120 _zAn electronic book accessible through the World Wide Web; click to view |
| 999 |
_c56027 _d56027 |
||